Zdaniteľné osoby a ich povinnosti vyplývajúce z realizácie zdaniteľných obchodov v tuzemsku, v iných členských štátoch a v tretích krajinách diplomová práca

Na minha lista:
Detalhes bibliográficos
Autor principal: Kopincová, Adriana
Autor Corporativo: Fakulta hospodárskej informatiky EU. Katedra účtovníctva a audítorstva
Outros Autores: Vašeková, Miroslava, 1978-
Formato: Livro
Idioma:eslovaco
Publicado em: Bratislava 2019
Tags: Adicionar Tag
Sem tags, seja o primeiro a adicionar uma tag!

MARC

LEADER 00000nbm a2200000 4500
001 0255816
005 20200113075152.2
041 0 |a slo 
044 |a SK 
245 1 0 |a Zdaniteľné osoby a ich povinnosti vyplývajúce z realizácie zdaniteľných obchodov v tuzemsku, v iných členských štátoch a v tretích krajinách  |b diplomová práca  |c Adriana Kopincová ; školiteľ: Miroslava Vašeková 
264 1 |a Bratislava  |c 2019 
300 |a 58 s. 
100 1 |a Kopincová, Adriana 
700 1 |a Vašeková, Miroslava, 1978- 
710 2 |a Fakulta hospodárskej informatiky EU. Katedra účtovníctva a audítorstva